| 000 | 00439cam a22001457a 4500 | ||
|---|---|---|---|
| 008 | 180718b1957 xxu||||| |||| 00| 0 eng d | ||
| 082 | _aU24x73 W784 | ||
| 100 | _aWittenberg, Philip | ||
| 245 |
_aThe law of literary property _cby Philip Wittenberg |
||
| 260 |
_aCleveland _bThe World _c1957 |
||
| 300 | _a284p. | ||
| 650 | _aCensorship --United States | ||
| 650 | _aLibel and slander --United States | ||
| 650 | _aCopyright --United States | ||
| 999 |
_c435245 _d435245 |
||